<?xml version="1.0" encoding="UTF-8"?>
<collection xmlns="http://www.loc.gov/MARC21/slim">
 <record>
  <leader>     na                 </leader>
  <controlfield tag="001">INLIS000000000001905</controlfield>
  <controlfield tag="005">20250716082422</controlfield>
  <controlfield tag="035">$a 0010-0725000026</controlfield>
  <controlfield tag="245">$a Komik Next G: Kakak Yang Baik /$c Caroline Timothy Rumasingap &amp; Fatima</controlfield>
  <controlfield tag="100">$a Caroline Timothy Rumasingap &amp; Fatima</controlfield>
  <controlfield tag="300">$a 96 hlm : $b ilus ; $c 14.5 x 21 cm</controlfield>
  <controlfield tag="260">$a Bandung :$b PT Muffin Graphics,$c 2023</controlfield>
  <controlfield tag="082">$a 813</controlfield>
  <controlfield tag="084">$a 813 CAR k</controlfield>
  <controlfield tag="020">$a 978-602-367-896-9</controlfield>
  <controlfield tag="990">$a 098/2024</controlfield>
  <controlfield tag="990">$a 099/2024</controlfield>
 </record>
</collection>
